Most Populated Countries Containing 'N' - Statistics

General Stats
  • This quiz has been taken 1,858 times
    1,562 since last reset
  • The average score is 16 of 20
Answer Stats
Population Country % Correct
1,372 mil China
98%
1,277 mil India
97%
321 mil United States
96%
64 mil United Kingdom
93%
255 mil Indonesia
92%
182 mil Nigeria
92%
81 mil Germany
90%
67 mil France
88%
126 mil Japan
87%
190 mil Pakistan
85%
46 mil Spain
83%
158 mil Bangladesh
80%
78 mil Iran
80%
77 mil D.R. Congo
74%
91 mil Vietnam
72%
102 mil Philippines
71%
65 mil Thailand
71%
53 mil Tanzania
61%
46 mil Kenya
60%
51 mil Myanmar
48%
No matching quizzes found
Score Distribution
Percent of People with Each Score
Percentile by Number Answered
Your Score History
You have not taken this quiz since the last reset